| 000 | 01118nam a2200277 i 4500 | ||
|---|---|---|---|
| 001 | bg | ||
| 100 | 1 | _aKOZŁOWSKI, Andrzej | |
| 245 | 1 | 0 |
_aBudowa i eksploatacja pojazdów samochodowych. _nZ.29, _pPomiary diagnostyczne zespołów układu zasilania paliwem silników o zapłonie samoczynnym / _c[aut. oprac. Andrzej Kozłowski]. |
| 260 |
_aWarszawa : _bWydawnictwa Komunikacji i Łączności, _c2005. |
||
| 300 |
_a32 s. : _bil. ; _c29 cm. |
||
| 490 | 1 | _aMechanik Pojazdów Samochodowych | |
| 500 | _aOpis wg okł. | ||
| 650 | 9 |
_aSilniki samochodowe _xbadanie |
|
| 650 | 9 |
_aSilniki wysokoprężne _xbadanie |
|
| 650 | 9 |
_aSpaliny _xbadanie |
|
| 655 | _aĆwiczenia i zadania dla szkół zawodowych | ||
| 830 | _aMechanik Pojazdów Samochodowych | ||
| 020 | _a8320615674 | ||
| 040 | _cBPK | ||
| 041 | 0 | _apol | |
| 080 | _a629.33:621.436](075.3.053.7)(076) | ||
| 920 | _a83-206-1567-4 | ||
| 942 | _cKS | ||
| 008 | s pl f |000 0 pol | ||
| 999 |
_c35463 _d35463 |
||
| 856 |
_uhttp://koha.tu.koszalin.pl/cgi-bin/koha/opac-detail.pl?biblionumber=35463 _yKatalog online BPK |
||